Statistics for Canadian Cities by Picture

Click here to take the quiz!

General Stats

  • This quiz has been taken 42 times
  • The average score is 10 of 15

Answer Stats

Answer % Correct
Toronto
100%
Niagara Falls
89%
Vancouver
86%
Calgary
84%
Ottawa
78%
Quebec
76%
Edmonton
70%
Montreal
68%
Banff
65%
Winnipeg
59%
Halifax
51%
Saskatoon
49%
St. John's
43%
Iqaluit
41%
Windsor
35%

Score Distribution

Percentile by Number Answered

Percent of People with Each Score

Your Score History

You have not taken this quiz